Dictionary of Soils and Fertilizers, VOL - IV, Part 5 / (Record no. 9951)
[ view plain ]
| 000 -LEADER | |
|---|---|
| fixed length control field | 00342cam a2200133ua 4500 |
| 020 ## - INTERNATIONAL STANDARD BOOK NUMBER | |
| ISBN | 8170991412 |
| 082 ## - DEWEY DECIMAL CLASSIFICATION NUMBER | |
| Classification number | 028.73631 |
| Item number | SOM/DI |
| 100 ## - MAIN ENTRY--AUTHOR NAME | |
| Personal name | Somani, L. L . |
| 245 ## - TITLE STATEMENT | |
| Title | Dictionary of Soils and Fertilizers, VOL - IV, Part 5 / |
| 250 ## - EDITION STATEMENT | |
| Edition statement | 1 / |
| 260 ## - PUBLICATION, DISTRIBUTION, ETC. (IMPRINT) | |
| Place of publication | : |
| Name of publisher | Mittal Publications , |
| Year of publication | 1989. |
| 300 ## - PHYSICAL DESCRIPTION | |
| Number of Pages | 358 ; . |
| 942 ## - ADDED ENTRY ELEMENTS (KOHA) | |
| Koha item type | Reference |
| Withdrawn status | Lost status | Damaged status | Collection code | Home library | Current library | Shelving location | Date acquired | Full call number | Accession Number | Koha item type |
|---|---|---|---|---|---|---|---|---|---|---|
| Reference | KAUAET | KAUAET | Reference | 07/04/2012 | 028.73631.SOM/DI | 19756 | Reference |
